| 000 | 00990nam2a2200277 4500 | ||
|---|---|---|---|
| 001 | RU\NLR\BIBL_A\022076609 | ||
| 005 | 20250128194045.0 | ||
| 010 | _a978-5-76966816-6 | ||
| 021 |
_aRU _bКН-П-23-053211 _9КН-П-23-5345 |
||
| 035 | _a(NLR Aleph) 022076609 | ||
| 090 |
_a13318461 _c13318461 |
||
| 100 | _a20231117d2023 d y0rusy50 ca | ||
| 101 | 0 | _asah | |
| 102 | _aRU | ||
| 105 | _aa z 000 y | ||
| 181 | 0 |
_ai _baxxe |
|
| 182 | 0 | _an | |
| 200 | 0 | _aЧ.1 | |
| 203 |
_aТекст _bвизуальный _cнепосредственный |
||
| 210 | _d2023 | ||
| 215 |
_a167 с. _cил. |
||
| 461 | 0 |
_1001RU\NLR\BIBL_A\022076597 _12001#$aСаха тыла$eуопсай үөрэхтээин тэрилтэлэригэр үөрэнэр кинигэ$eикки чаастаах$f[аап.: Л. В. Захарова, С. А. Баснаева, С. Е. Потапова, Н. С. Олесова]$vЧ.1 |
|
| 852 |
_aNLR _bОНЛ _jЯкут./4-447 |
||
| 942 | _cBOOK | ||
| 980 | _aNB | ||